[Event "Bad Woerishofen op"]
[Site "Bad Woerishofen"]
[Date "2001.??.??"]
[Round "7"]
[White "Stierle, Martin"]
[Black "Bertz, Uwe"]
[Result "1/2-1/2"]
[WhiteElo "1945"]
[BlackElo "1780"]
[Annotator "ChessOrg"]
[PlyCount "53"]
[EventDate "1998.03.05"]
[Source "ChessBase"]
[SourceDate "1998.04.29"]

1. d4 {E97: Koenigsindisch (Klassisches System)} 1... Nf6 2. Nf3 d6 3. c4 g6 4.
Nc3 Bg7 5. e4 O-O 6. Be2 Nc6 7. O-O e5 8. d5 Ne7 9. Nd2 Ne8 10. Rb1 f5 11. b4
11... f4 {letzter Buchzug} 12. f3 g5 13. c5 h5 14. Nc4 Rf6 15. Qb3 Rg6 16. cxd6
cxd6 17. b5 g4 18. b6 a6 19. Na5 Kh8 20. Nc6 (20. fxg4 hxg4 21. Nc4 21... Bd7
$14) 20... Qd7 (20... Nxc6 $143 21. dxc6 Be6 22. Bc4 Bxc4 23. Qxc4 $16) 21. Na7
Rb8 22. Nxc8 Nxc8 23. Ba3 Bf6 24. Rbc1 Bd8 25. Na4 Rg7 26. Kh1 g3 27. Bb2
1/2-1/2

[Event "Bad Woerishofen op"]
[Site "?"]
[Date "2001.??.??"]
[Round "2"]
[White "Stippekohl, Peter"]
[Black "Mainka, Romuald"]
[Result "1-0"]
[WhiteElo "2195"]
[BlackElo "2476"]
[Annotator "ChessOrg"]
[PlyCount "75"]
[EventDate "2000.??.??"]

1. d4 {A49: Koenigsindisch (ohne c2-c4)} 1... Nf6 2. Nf3 c5 3. c3 g6 4. g3 b6
5. Bg2 Bb7 6. O-O {letzter Buchzug} 6... Bg7 7. Nbd2 O-O 8. Re1 Nc6 9. e4 cxd4
10. Nxd4 Rc8 11. e5 Ne8 12. N2f3 Nc7 13. h4 (13. Bg5 Nxd4 14. Qxd4 14... h6 $11
) 13... Nxd4 14. Nxd4 Bxg2 15. Kxg2 Nd5 (15... Ne6 16. Nxe6 dxe6 17. Bf4 $11)
16. Qf3 e6 17. Bg5 f6 18. exf6 Bxf6 19. Qg4 Rf7 20. Rad1 Qf8 21. Rd2 21... Qg7
$4 (21... Bg7 $11 $142) 22. Nxe6 $1 $18 22... dxe6 23. Qxe6 Qf8 24. Rxd5 Bxg5
25. hxg5 Rcc7 26. Rde5 Kg7 27. f4 b5 28. Qh3 (28. Rxb5 Rce7 29. Rbe5 Rxe6 30.
Rxe6 Qa8+ 31. R1e4 31... Rc7 $17) 28... Qa8+ (28... Qd6 29. Qh6+ Kg8 30. Re6
Qd5+ 31. Kh2 $18) 29. Kf2 h5 (29... Rc8 30. Rxb5 Rb8 31. Rxb8 Qxb8 32. Re2 $18)
30. gxh6+ Kh7 31. Qg4 Qd8 32. Re6 g5 (32... Qd3 33. Kg2 $18) 33. Qf3 (33. Kg1
$142 33... Rc5 $18) 33... Rc4 (33... Rc8 34. R1e5 Qd2+ 35. Re2 $18) 34. Rd1 (
34. Qh5 Qg8 35. Re8 Qxe8 36. Rxe8 Rb7 37. Qxg5 Rc6 38. Qe5 Rxh6 39. Qe4+ Kg7
40. Qxb7+ Kg6 41. Re6+ Kf5 42. Qd5+ Kg4 43. Qg5+ Kh3 44. Rxh6#) 34... Qc8 (
34... Qf8 35. Qd3+ Kh8 36. Rd6 $18) 35. Qd3+ Kh8 36. Rde1 (36. Qg6 $5 $142
36... Rcc7 37. Qe4 gxf4 38. gxf4 38... Qf8 $18) 36... Qc5+ 37. Kg2 Rf8 (37...
Qf5 38. Qxf5 Rxf5 39. Re8+ Kh7 40. R8e7+ Kg6 41. fxg5 41... Kxg5 $18) 38. Qg6 (
38. Qg6 Qd5+ 39. Kh2 $18) 1-0

[Event "Bad Woerishofen op"]
[Site "Bad Woerishofen"]
[Date "2001.??.??"]
[Round "4"]
[White "Stippekohl, Peter"]
[Black "Rahls, Peter"]
[Result "0-1"]
[WhiteElo "2195"]
[BlackElo "2308"]
[Annotator "ChessOrg"]
[PlyCount "120"]
[EventDate "1998.03.05"]
[Source "ChessBase"]
[SourceDate "1998.04.29"]

1. d4 {A44: Alt-Benoni} 1... c5 2. d5 e5 3. e4 d6 4. Nc3 a6 5. a4 Be7 6. Nf3
Bg4 7. b3 7... Nf6 {letzter Buchzug} 8. Be2 Bxf3 9. Bxf3 O-O 10. O-O Ne8 11.
Bb2 g6 12. g3 f5 13. exf5 gxf5 14. Bg2 Nd7 15. f4 Bf6 (15... exf4 16. Rxf4
16... Bg5 $14) 16. Ne2 (16. fxe5 $5 $142 16... Bxe5 17. Qd2 $16) 16... e4 $11
17. Bxf6 Ndxf6 (17... Nexf6 18. Re1 $14) 18. h3 Rf7 19. c4 Rg7 20. Kh2 h5 21.
Qe1 Qe7 22. Nc3 Qf7 23. Nd1 Kh8 24. Ne3 Qg6 25. Bh1 Ng8 26. Ng2 Ne7 27. Nh4 Qf6
28. Qe2 Rh7 29. Rab1 Ng6 30. Qb2 (30. Ng2 $5 $14 $142) 30... Nxh4 $15 31. gxh4
Rg7 32. Qxf6 Nxf6 33. b4 (33. Rg1 $5 $11) 33... cxb4 34. Rxb4 Rc8 (34... b5 35.
cxb5 axb5 36. Rxb5 Rxa4 37. Rg1 $17) 35. Rg1 $15 35... Rxg1 36. Kxg1 Rc7 (36...
Kg8 37. a5 $15 (37. Rxb7 $143 37... Rxc4 38. Rb6 38... Rxa4 $19)) 37. a5 $11
37... Kg8 38. Bg2 Kf8 39. Kf2 Ke8 (39... Rc5 40. Ra4 $15) 40. Bf1 $11 40... Kd8
41. Be2 Rg7 42. Rb3 Kc7 43. Kf1 Nd7 44. Bxh5 Rh7 (44... Nc5 45. Re3 Nd3 46. Be2
Nxf4 47. h5 $15) 45. Be2 $11 45... Rxh4 46. Kg2 Rh7 (46... Rxf4 $2 47. Kg3 Rf3+
48. Bxf3 exf3 49. Kxf3 $18) 47. Rb1 b6 48. axb6+ Nxb6 49. Rh1 Na4 50. h4 Nc3
51. Kf2 Kb6 52. h5 Nxe2 53. Kxe2 Kc5 54. Kf2 Kxc4 55. Kg3 Kxd5 56. Kh4 (56. h6
56... a5 $19) 56... Ke6 (56... e3 $5 57. Rb1 Ke4 58. Kg5 $19) 57. Ra1 Kf6 (
57... Ra7 $5 $19 $142) 58. Rxa6 $17 58... Rd7 59. Ra8 (59. Rc6 59... Ke6 $17)
59... e3 60. Kg3 (60. Re8 Re7 61. Rxe7 Kxe7 62. Kg3 $19) 60... Re7 $19 (60...
Re7 61. Ra1 61... Kg7 $19) 0-1

[Event "Bad Woerishofen op"]
[Site "Bad Woerishofen"]
[Date "2001.??.??"]
[Round "5"]
[White "Stippekohl, Peter"]
[Black "Koscielski, Janusch"]
[Result "0-1"]
[WhiteElo "2195"]
[BlackElo "2358"]
[Annotator "ChessOrg"]
[PlyCount "78"]
[EventDate "1998.03.05"]
[Source "ChessBase"]
[SourceDate "1998.04.29"]

1. d4 {E98: Koenigsindisch (Klassisches System)} 1... Nf6 2. c4 g6 3. Nc3 Bg7
4. e4 d6 5. Be2 O-O 6. Nf3 e5 7. O-O Nc6 8. d5 Ne7 9. Ne1 Nd7 10. Nd3 f5 11. f4
{letzter Buchzug} 11... Kh8 12. Bf3 a6 13. a4 exf4 14. Bxf4 h6 15. Bg3 g5 16.
exf5 Nxf5 17. Bf2 Ne5 (17... Nb6 18. Bxb6 cxb6 19. Be2 $11) 18. Nxe5 Bxe5 19.
Qd3 Qf6 20. Be4 Qg7 21. c5 Bd7 22. Qc4 Rae8 23. Rae1 Bc8 24. a5 g4 (24... dxc5
25. Bxc5 Nd6 26. Rxf8+ Qxf8 27. Qd3 $15) 25. g3 (25. Bxf5 Bxf5 26. cxd6 26...
cxd6 $11 (26... Bxd6 27. Bd4 Be5 28. Rxe5 Rxe5 29. Ne2 $18 (29. Bxe5 $6 29...
Qxe5 30. Ne4 30... Rd8 $11))) 25... Nd4 (25... dxc5 26. Bxc5 Nd6 27. Rxf8+ Rxf8
28. Qd3 $15) 26. c6 Nf3+ 27. Bxf3 gxf3 28. Re4 Rf5 (28... bxc6 29. dxc6 Be6 30.
Qxa6 $15) 29. Bd4 (29. Rfe1 bxc6 30. dxc6 30... Rff8 $11) 29... Ref8 30. Bxe5
Rxe5 31. Rf4 Rxf4 32. Qxf4 bxc6 33. Qxf3 Bh3 34. Rc1 Rf5 35. Qd3 c5 (35... cxd5
$5 36. b4 Qg5 37. Qd4+ 37... Re5 $17) 36. Re1 (36. Qxa6 Qd4+ 37. Kh1 Rf2 38.
Qc8+ Bxc8 39. Re1 Bh3 40. Re8+ Kg7 41. Re7+ Kf8 42. Rf7+ Kxf7 43. Ne2 Qxd5+ 44.
Kg1 Qg2#) 36... Qf7 (36... Qd4+ 37. Qxd4+ cxd4 38. Ne2 $11) 37. Qxa6 Rf2 38.
Re8+ $4 (38. Qb5 Kg7 39. Qe2 Rxe2 40. Nxe2 Qxd5 41. Kf2 $19) 38... Kg7 $19 39.
Re7 Rg2+ (39... Rg2+ 40. Kh1 Qxe7 41. Qf1 Rxb2 42. Qc1 Qf7 43. Qf4 Qxd5+ 44.
Qe4 Qxe4+ 45. Nxe4 Rb1#) 0-1

[Event "Bad Woerishofen op"]
[Site "Bad Woerishofen"]
[Date "2001.??.??"]
[Round "7"]
[White "Stippekohl, Peter"]
[Black "Schoen, Rudolf"]
[Result "1-0"]
[WhiteElo "2195"]
[BlackElo "2010"]
[Annotator "ChessOrg"]
[PlyCount "159"]
[EventDate "1998.03.05"]
[Source "ChessBase"]
[SourceDate "1998.04.29"]

1. d4 {D37: Damengambit (5.Lf4)} 1... d5 2. c4 e6 3. Nf3 Nf6 4. Nc3 Nbd7 5. Bf4
5... Bb4 {letzter Buchzug} 6. e3 O-O 7. Qc2 c5 8. a3 Qa5 9. Rc1 Bxc3+ 10. Qxc3
(10. bxc3 $143 10... Qxa3 11. Bd3 cxd4 12. exd4 dxc4 13. Bxc4 13... Nb6 $15)
10... Qxc3+ 11. Rxc3 cxd4 12. exd4 (12. Nxd4 $2 12... e5 $19) 12... dxc4 13.
Bxc4 Nb6 14. Bd6 Ne4 15. Bxf8 Nxc3 16. Bb3 Kxf8 17. bxc3 Bd7 18. Ne5 Ba4 19.
Ba2 Rc8 20. Kd2 f6 21. Nd3 (21. Bxe6 $2 21... Re8 (21... fxe5 $6 22. Bxc8 Nxc8
23. dxe5 $11) 22. Nd7+ 22... Nxd7 $19) 21... Bc6 22. Bxe6 Bxg2 23. Re1 Re8 24.
Nc5 Bd5 25. Nd7+ Nxd7 26. Bxd5 Rxe1 27. Kxe1 b6 28. Kd2 Ke7 29. c4 Kd6 30. Be4
Nf8 31. f4 Ne6 32. Ke3 Nf8 33. f5 Nd7 34. Bb7 Nb8 35. Ke4 Nd7 36. Bd5 Nf8 37.
Bg8 Kc6 38. Kd3 Kd6 39. Kc3 g6 (39... g5 $14) 40. Kd3 (40. Bxh7 $142 40... g5
41. Bg8 $18) 40... gxf5 $11 41. Ke3 h6 42. Bf7 Ke7 43. Bd5 Ng6 44. Bf3 Kd6 45.
Bh5 Ne7 46. Be8 Nc8 47. Kf4 Ke6 48. Bg6 Ne7 49. Bxf5+ Kd6 50. Be4 Ke6 51. Bf5+
(51. Bh7 51... Kd6 $14) 51... Kd6 52. h4 b5 (52... Nxf5 53. Kxf5 a6 54. Kxf6
$18) 53. cxb5 Kd5 54. a4 Kxd4 55. Bd7 Ng6+ 56. Kg3 Kc5 57. Be8 Ne5 58. Kf4 Nc4
59. Kg4 f5+ 60. Kf4 (60. Kxf5 $6 60... Nd6+ 61. Kg6 Nxe8 62. Kxh6 62... Nc7 $11
) 60... Kb4 61. Bd7 (61. h5 $5 $16 $142) 61... Nb6 $11 (61... Kxa4 $4 62. b6+
Ka5 63. b7 $18) 62. Bxf5 Nxa4 63. Kg4 Kxb5 64. Kh5 Nc5 65. Kxh6 a5 66. Kg6 a4
67. h5 a3 68. Bb1 Ne4 (68... Ne6 69. h6 69... Kb4 $18) 69. h6 (69. Bxe4 $4
69... a2 $19) 69... Nc3 70. h7 Nxb1 71. h8=Q Nd2 72. Qc3 Nc4 73. Qb3+ (73. Kf5
73... Kc5 $18) 73... Kc5 74. Kf5 Kd4 (74... Kd5 75. Kf6 $18) 75. Kf4 Kc5 76.
Kg3 Kd4 77. Kf2 Kc5 78. Ke1 Kd4 79. Ke2 Kc5 80. Kd3 (80. Kd3 Nd6 81. Qxa3+ Kd5
82. Qa5+ Kc6 83. Kc3 $18) 1-0

[Event "Bad Woerishofen op"]
[Site "Bad Woerishofen"]
[Date "2001.??.??"]
[Round "9"]
[White "Stippekohl, Peter"]
[Black "Sammut Briffa, Peter"]
[Result "1/2-1/2"]
[WhiteElo "2195"]
[BlackElo "2000"]
[Annotator "ChessOrg"]
[PlyCount "144"]
[EventDate "1998.03.05"]
[Source "ChessBase"]
[SourceDate "1998.04.29"]

1. d4 {E94: Koenigsindisch (Klassisches System)} 1... Nf6 2. c4 g6 3. Nc3 Bg7
4. e4 d6 5. Be2 O-O 6. Nf3 Nbd7 7. O-O e5 8. Be3 Ng4 9. Bg5 f6 10. Bc1 10... f5
{letzter Buchzug} 11. h3 Ngf6 12. dxe5 (12. exf5 gxf5 13. Bg5 13... h6 $14)
12... dxe5 (12... Nxe4 13. Qd5+ Kh8 14. exd6 $11) 13. Qc2 (13. exf5 gxf5 14.
Qc2 14... e4 $14) 13... Nxe4 (13... fxe4 14. Nxe4 Nxe4 15. Qxe4 $14) 14. Nxe4
fxe4 15. Ng5 Nc5 16. Be3 (16. Nxe4 $143 16... Bf5 17. Bf3 17... Qh4 $17) 16...
Ne6 17. Nxe6 Bxe6 18. Qxe4 c6 19. Rfd1 Qe7 20. c5 Bd5 21. Bc4 Bxc4 22. Qxc4+
Kh8 23. Rd6 Rad8 24. Rad1 Rxd6 25. cxd6 Qd7 26. Bxa7 (26. Qg4 $5 26... Qxg4 27.
hxg4 $18) 26... b5 $14 27. Qc5 Ra8 28. Bb6 Rxa2 29. Rc1 e4 (29... Rxb2 $2 30.
Ra1 h6 31. Ra7 $18) 30. Rd1 (30. Kf1 Bxb2 31. Qxc6 Qxc6 32. Rxc6 32... Bf6 $18)
30... Ra8 31. b4 Kg8 (31... Ra1 32. Rxa1 Bxa1 33. Bc7 $14) 32. Bc7 (32. Qc2
32... Re8 $16) 32... Ra1 $14 33. Rxa1 Bxa1 34. Qg5 (34. Kf1 34... Kf7 $14)
34... Bc3 35. Qg4 Qxg4 36. hxg4 Be5 37. Bb8 Bf6 38. Bc7 Be5 39. g5 $4 (39. Bb8
$142 39... Bf6 40. g5 Bxg5 41. Bc7 $11) 39... Bf4 $4 (39... Kf7 $19 $142) 40.
g3 $18 40... e3 $2 (40... Bxg5 41. d7 $16) 41. fxe3 (41. gxf4 $5 $142 41... e2
42. d7 e1=Q+ 43. Kg2 Qe4+ 44. Kh2 $18) 41... Bxe3+ 42. Kg2 Kf7 43. d7 Bxg5 44.
d8=Q Bxd8 45. Bxd8 c5 46. bxc5 b4 47. Ba5 b3 48. Bc3 Ke6 49. Kf3 Kd5 50. Kf4 (
50. Ke3 h5 51. Kf4 51... Kxc5 $18) 50... h6 (50... Kxc5 $5 51. Bb2 51... Kc4
$14) 51. c6 Kxc6 52. Ke5 Kc5 53. Kf6 Kc4 54. Bb2 Kd3 55. Kxg6 Ke4 56. g4 Kf4
57. Kh5 Kg3 58. Bg7 Kf3 59. Kh4 Kg2 60. Be5 Kf3 61. Kh3 Ke4 62. Bb2 Kf3 63. Bc1
Kf2 64. Kh4 Kf3 65. Bb2 Kf4 66. Ba3 Kf3 67. Kh3 Kf4 68. Bb2 Kf3 69. Kh4 Kf4 70.
Kh5 Kg3 71. Bg7 Kf3 72. Be5 Ke4 1/2-1/2

[Event "Bad Woerishofen op"]
[Site "Bad Woerishofen"]
[Date "2001.??.??"]
[Round "2"]
[White "Stoffel, Matthias"]
[Black "Wallhof, Dieter"]
[Result "0-1"]
[WhiteElo "1800"]
[BlackElo "2061"]
[Annotator "ChessOrg"]
[PlyCount "88"]
[EventDate "1998.03.05"]
[Source "ChessBase"]
[SourceDate "1998.04.29"]

1. e4 {C10: Franzoesische Verteidigung (Rubinstein-Variante)} 1... e6 2. d4 d5
3. Nc3 Nc6 4. Nf3 Nf6 5. Bg5 Be7 6. Bd3 {aus dem Buch} 6... Nxe4 7. Nxe4 dxe4
8. Bxe7 Qxe7 9. Bxe4 Qb4+ 10. Qd2 Qxd2+ (10... Qxb2 11. O-O $11) 11. Kxd2 $14
11... Ne7 12. Rhe1 O-O 13. c4 c6 14. Rad1 b6 15. Ne5 Bb7 16. b4 Rfd8 17. Kc3 f6
18. Nd3 Kf7 19. Nf4 (19. Bxh7 $143 19... g6 20. Re3 20... Rh8 $17) 19... Rab8
20. Bf3 (20. Bxh7 Rh8 21. Bc2 g5 22. Nxe6 22... Bc8 $16) 20... Bc8 $14 21. Rd2
c5 22. bxc5 bxc5 23. d5 exd5 24. cxd5 Rd6 25. Rde2 Rb7 26. h4 g5 27. hxg5 fxg5
28. Ne6 Nxd5+ 29. Kc4 Bxe6 (29... Rxe6 $2 30. Bxd5 Rbb6 31. Kxc5 $18) 30. Rxe6
Nb6+ 31. Kxc5 Rxe6 32. Rxe6 Na4+ 33. Kc4 Nb2+ 34. Kc5 $2 (34. Kd5 $15 $142)
34... Nd3+ $19 (34... Kxe6 35. Bxb7 Nd3+ 36. Kb5 Nxf2 37. Ka6 $15) 35. Kc4 Rb4+
(35... Kxe6 $6 36. Bxb7 Nxf2 37. Kb5 $17) 36. Kd5 Rb5+ 37. Kc4 Rc5+ (37... Kxe6
$6 38. Kxb5 Kd6 39. Be4 Nxf2 40. Bxh7 $11) 38. Kxd3 Kxe6 39. Be4 h5 40. Kd4 Ra5
41. Bc2 Re5 42. Bb3+ (42. Bd3 42... Kd6 $19) 42... Kf6 43. Bc4 h4 44. f3 (44.
Ba6 44... g4 $19) 44... Re1 (44... Re1 45. Ba6 45... Rg1 $19) 0-1

[Event "Bad Woerishofen op"]
[Site "Bad Woerishofen"]
[Date "2001.??.??"]
[Round "4"]
[White "Stoffel, Matthias"]
[Black "Haering, Walter-Georg"]
[Result "1-0"]
[WhiteElo "1800"]
[BlackElo "1500"]
[Annotator "ChessOrg"]
[PlyCount "91"]
[EventDate "1998.03.05"]
[Source "ChessBase"]
[SourceDate "1998.04.29"]

1. e4 {B40: Sizilianisch (Klassisches System mit e7-e6))} 1... c5 2. Nf3 e6 3.
Nc3 3... Ne7 {letzter Buchzug} 4. d4 cxd4 5. Nxd4 Nbc6 6. Ndb5 Ng6 7. Be2 Bc5
8. Nd6+ Bxd6 9. Qxd6 Qe7 10. Bf4 (10. Qxe7+ Ngxe7 11. Nb5 11... O-O $14) 10...
Nxf4 $11 11. Qxf4 e5 12. Qg3 O-O 13. O-O-O Nd4 14. Rxd4 (14. Bd3 $5 $14) 14...
exd4 $11 15. Nd5 Qe6 16. Kb1 d6 17. f4 Rb8 18. h3 (18. Rd1 f5 (18... Qxe4 19.
Nf6+ Kh8 20. Nxe4 $18) 19. Bc4 Kh8 20. Rxd4 20... fxe4 $15) 18... Kh8 (18...
Qxe4 $4 19. Nf6+ Kh8 20. Nxe4 $18) 19. Qd3 Re8 (19... f5 20. Bf3 $17) 20. Bf3
Qh6 21. h4 (21. f5 $5 $15) 21... Be6 $17 22. Nc7 Re7 23. Nb5 (23. Nxe6 fxe6 (
23... Qxe6 $143 24. Qxd4 Rc8 25. h5 $15) 24. Qxd4 24... Qxf4 $17) 23... Qxf4
24. Qxd4 Bg4 (24... Rd7 25. Qxa7 d5 26. g3 Qxg3 27. Rg1 $19) 25. h5 h6 26. Rh4
(26. Qxa7 $5 26... Rbe8 27. Nc3 $17) 26... f5 $19 27. Nc3 Qg5 (27... Qg3 28.
Bxg4 fxe4 29. Rh1 Qxg4 30. Qxd6 $19) 28. Rh1 Rbe8 29. Qxd6 (29. Qd1 $19) 29...
Bxf3 (29... fxe4 $142 30. Nxe4 Rxe4 31. Bxe4 Rxe4 32. Qb8+ Kh7 33. Qxb7 33...
Re2 $19) 30. gxf3 $17 30... fxe4 31. fxe4 Qg4 32. Qd4 b6 33. a3 Rd7 34. Qe3 Rf7
35. Qe1 Re5 36. Qd2 Rxh5 37. Qd8+ Kh7 38. Rd1 (38. Rxh5 Rf1+ 39. Ka2 39... Qxh5
$19) 38... Re5 (38... Rh2 39. Rc1 $19) 39. Qb8 (39. Qd6 Qe6 40. Qd3 40... g5
$19) 39... Rc5 (39... Rxe4 $5 $142 40. Qd6 Ref4 41. Qd5 $19) 40. Rd8 Rf1+ 41.
Ka2 Qe6+ (41... Qf4 42. Rh8+ Kg6 43. Qxa7 Qf7+ 44. Qxf7+ Kxf7 45. Kb3 $19) 42.
Nd5 $17 42... Rg1 $4 (42... Qxe4 43. Rh8+ Kg6 44. Qd6+ Kh5 45. Qh2+ Kg4 46.
Ne3+ Qxe3 47. Qg2+ Kh4 48. Qxf1 Rxc2 49. Qh1+ Kg3 50. Rd8 $19) 43. Qxa7 $4 (43.
Re8 Qd7 44. c4 Rxd5 45. Rh8+ Kg6 46. cxd5 46... Rg5 $16) 43... Rg2 $4 (43...
Rxc2 $142 44. Qxb6 Qxb6 45. Nxb6 45... Rgg2 $19) 44. Re8 $5 $11 44... Qc6 $4 (
44... Qxe8 45. Nf6+ $18) 45. Qf7 $18 45... Qg6 (45... Rcxc2 46. Qg8+ Kg6 47.
Ne7+ Kh5 48. Nxc6 Rxb2+ 49. Ka1 Rbc2 50. Qf7+ Kh4 51. Qf4+ 51... Rg4 $18) 46.
Qg8# 1-0

[Event "Bad Woerishofen op"]
[Site "Bad Woerishofen"]
[Date "2001.??.??"]
[Round "6"]
[White "Stoffel, Matthias"]
[Black "Proksch, Guenter"]
[Result "0-1"]
[WhiteElo "1800"]
[BlackElo "2079"]
[Annotator "ChessOrg"]
[PlyCount "158"]
[EventDate "1998.03.05"]
[Source "ChessBase"]
[SourceDate "1998.04.29"]

1. e4 {B45: Sizilianisch (Klassisches System)} 1... c5 2. Nf3 e6 3. Nc3 Nc6 4.
d4 cxd4 5. Nxd4 Nf6 6. Ndb5 Bb4 7. Bf4 Nxe4 8. Qg4 {letzter Buchzug} 8... Qf6
9. Qf3 Nxc3 10. bxc3 O-O 11. Qg3 Ba5 12. O-O-O d5 13. Bg5 Qg6 14. Bd3 f5 15.
Qh4 (15. c4 $19) 15... a6 16. Nd6 Bd8 17. Bxd8 Rxd8 (17... Nxd8 $143 18. Rhe1
$19) 18. Nxc8 Raxc8 19. g4 Qxg4 20. Qxg4 fxg4 21. Rde1 Re8 22. Re3 g6 (22...
Rf8 $5 23. Rxe6 Rxf2 24. Rd6 $19) 23. h3 $17 23... g3 24. fxg3 e5 25. Bf1 e4
26. Bg2 Ne5 27. Rd1 Rc5 28. Re2 Nc4 29. Rf1 (29. Bf1 29... Ra5 $19) 29... Rf8 (
29... Ra5 $5 30. Kb1 $19) 30. Rd1 Rfc8 31. h4 Nb6 32. Bh3 R8c7 (32... R8c6 $5
33. Re3 $19) 33. Be6+ Kg7 34. c4 Rxc4 35. Bxd5 Nxd5 36. Rxd5 Re7 37. Re3 Rec7 (
37... Kf6 38. g4 $17) 38. Rd2 (38. Re2 $5 $11 $142) 38... Kh6 39. Rde2 Re7 40.
g4 b5 41. Rf2 Kg7 42. g5 Rf7 43. Rd2 Rfc7 (43... h5 $5 $17) 44. Rde2 $15 44...
Re7 (44... b4 45. Rxe4 a5 46. Rxc4 Rxc4 47. Re5 $15) 45. Rd2 (45. Rf2 45... h6
$17) 45... Rc6 (45... h6 46. gxh6+ Kxh6 47. Rd6 $17) 46. Rd4 $15 46... Rce6 47.
Kd2 h6 48. c4 (48. a4 hxg5 49. hxg5 49... Re5 $17) 48... hxg5 $17 49. hxg5 Re5
50. cxb5 Rxb5 51. Ra4 a5 52. Rg3 e3+ 53. Rxe3 Rxe3 54. Kxe3 Rxg5 55. Kf3 Rb5
56. Kg3 Kf6 57. Kh3 Ke6 58. Kg3 Kd6 59. Kf3 Kc6 60. Rg4 g5 61. Rg2 Kb6 62. Ke3
a4 63. Kd3 Ka5 64. Kc4 (64. a3 64... Kb6 $17) 64... Rf5 65. Kd3 Kb4 66. Ke4 Rc5
67. Kd4 Rc4+ 68. Kd3 g4 69. Rb2+ Ka3 70. Rg2 Rb4 71. Kc3 Rf4 72. Kd3 Kb4 73.
Ke3 Rc4 74. Kd3 Kc5 75. Rb2 Rb4 76. Rg2 Kd5 77. Kc3 Rf4 78. Kd3 Ke5 79. Ke3 (
79. Rg3 Kf5 80. Ke3 80... Rb4 $19) 79... Rf3+ (79... Rf3+ 80. Ke2 80... Kf4 $19
) 0-1

[Event "Bad Woerishofen op"]
[Site "Bad Woerishofen"]
[Date "2001.??.??"]
[Round "8"]
[White "Stoffel, Matthias"]
[Black "Berti, Rudolf"]
[Result "0-1"]
[WhiteElo "1800"]
[BlackElo "1621"]
[Annotator "ChessOrg"]
[PlyCount "60"]
[EventDate "1998.03.05"]
[Source "ChessBase"]
[SourceDate "1998.04.29"]

1. e4 {C10: Franzoesische Verteidigung (Rubinstein-Variante)} 1... e6 2. d4 d5
3. Nc3 dxe4 4. f3 exf3 5. Nxf3 Nf6 6. Bg5 Be7 7. Bd3 7... h6 {letzter Buchzug}
8. Bd2 Nc6 9. O-O (9. Be3 9... Nb4 $17) 9... Nb4 (9... Nxd4 $5 10. Be3 10...
Nc6 $19) 10. Bc4 $17 10... b6 11. Qe2 $2 (11. a3 $142 11... Nbd5 12. Ne5 $17)
11... Nxc2 $19 12. Rad1 Bb7 13. d5 exd5 (13... Nxd5 $143 14. Nxd5 Bxd5 15. Bxd5
Qxd5 16. Bc3 Qc5+ 17. Kh1 $17) 14. Bb3 (14. Bf4 Nb4 15. a3 Qc8 16. axb4 16...
dxc4 $17) 14... Nb4 15. Ne5 (15. Ba4+ 15... Kf8 $19) 15... Ba6 16. Nb5 (16.
Ba4+ c6 17. Qf3 $19) 16... Bxb5 (16... O-O 17. Rxf6 Bxb5 (17... gxf6 18. Bxh6
Bc5+ 19. Kh1 $15) 18. Qxb5 18... a6 $17) 17. Qxb5+ $17 17... c6 18. Qe2 Qd6 (
18... Bc5+ 19. Kh1 Qe7 20. Rfe1 $17) 19. Bxb4 (19. a3 Na6 20. Bf4 Qc5+ 21. Be3
Qb5 22. Qxb5 cxb5 23. Bxd5 Nxd5 24. Rxd5 24... Bf6 $17) 19... Qxb4 20. Rde1 $2
(20. Nxc6 $5 $142 20... Qc5+ 21. Rd4 $17) 20... O-O $19 21. Kh1 Bd6 22. Rxf6
gxf6 (22... Rae8 23. a3 Qxb3 24. Rxd6 $19) 23. Ng4 $2 (23. Nxc6 Qh4 24. g3 Qe4+
25. Qxe4 dxe4 26. Rxe4 $19) 23... Kg7 24. Rf1 Qe4 (24... Rae8 25. Qf3 Re6 26.
Ne3 $19) 25. Qd1 (25. Qxe4 dxe4 26. Bc2 $19) 25... f5 26. Nf2 Qh4 27. Nh3 Qg4
28. Qd3 (28. Qc1 28... Rac8 $19) 28... Rae8 (28... Qe4 29. Qc3+ d4 30. Qc1 $19)
29. Bd1 (29. Qc3+ d4 30. Qxc6 30... Re2 $19) 29... Qe4 30. Qc3+ Qe5 (30... Qe5
31. Qxe5+ 31... Rxe5 $19) 0-1

[Event "Bad Woerishofen op"]
[Site "Bad Woerishofen"]
[Date "2001.??.??"]
[Round "2"]
[White "Straub, Peter"]
[Black "Stelzer, Wolfgang"]
[Result "0-1"]
[WhiteElo "2068"]
[BlackElo "1818"]
[Annotator "ChessOrg"]
[PlyCount "94"]
[EventDate "1998.03.05"]
[Source "ChessBase"]
[SourceDate "1998.04.29"]

1. e4 {B70: Sizilianisch (Drachen-Variante)} 1... c5 2. Nc3 Nc6 3. Nf3 d6 4. d4
cxd4 5. Nxd4 Nf6 6. g3 g6 7. Bg2 Bg7 8. Nde2 O-O 9. O-O Bd7 10. h3 Rc8 11. Be3
11... b6 {letzter Buchzug} 12. Qd2 (12. f4 12... Qc7 $11) 12... Ne8 (12... Ne5
13. Bd4 $11) 13. Rad1 Ne5 14. Bd4 Bxh3 15. Bxe5 Bxg2 16. Bxg7 Bxf1 17. Bxf8
Bxe2 18. Bxe7 Qxe7 19. Qxe2 Nf6 20. Qd3 Rc6 21. b4 (21. a3 $5 $11 $142) 21...
Qe5 $15 22. Nd5 Nxd5 (22... Nxe4 $2 23. Qxe4 Qxe4 24. Nf6+ Kf8 25. Nxe4 Rxc2
26. a3 $18) 23. exd5 Rc3 24. Qd2 Rc4 25. Re1 (25. b5 $5 $17) 25... Rxc2 $1 26.
Qd1 Qb2 27. Qf3 Qc3 (27... Rc1 28. Rxc1 Qxc1+ 29. Kg2 $17) 28. Re3 Qd4 (28...
Rc1+ 29. Kg2 Qc4 30. Re7 Qf1+ 31. Kh2 $19) 29. Re7 (29. Re8+ $5 $142 29... Kg7
30. Re7 Qa1+ 31. Kg2 $14) 29... f5 $17 30. Rxa7 Qxb4 31. Ra8+ Kg7 32. Ra7+ Kf6
33. Qe3 Qe4 34. Qxe4 fxe4 35. Rxh7 Rxa2 36. Rd7 Ke5 37. Rg7 Kxd5 38. Rxg6 b5
39. Rg5+ Kc4 40. Rg4 d5 41. f3 Kd4 (41... b4 $5 $142 42. fxe4 b3 43. exd5+ Kc5
44. Rg8 $19) 42. fxe4 dxe4 43. Kf1 $2 (43. Rg5 e3 44. Kf1 44... b4 $19) 43...
Ke3 (43... b4 $142 44. Rg8 b3 45. Rd8+ Ke3 46. Rb8 $19) 44. Rg5 (44. Rh4 44...
Rb2 $19) 44... Rb2 45. Rf5 b4 46. g4 (46. Rf8 b3 47. Rb8 Kf3 48. Rf8+ Kxg3 49.
Rg8+ Kf3 50. Rf8+ 50... Ke3 $19) 46... b3 47. g5 Rc2 (47... Rc2 48. Rb5 48...
b2 $19) 0-1